00621nam a22001812 4500001001100000005001700011008004100028020001700069040001500086245012900101250001300230260002700243300001600270650004900286650006500335700003600400852000300436000002360420151217145942.0130311s xx 000 0 eng d a1841135186 : aKABUcKABU10aRestorative justice and criminal justice :bcompeting or reconcilable paradigms? /cedited by Andrew Von Hirch ... [et al.]. a1st ed. aOxford :bHart,c2003. axi, 348 p. 0aRestorative justicevCongresses.@0000183116 0aCriminal justice, Administration ofvCongresses.@00001831171 aHirsch, Andrew von.@00001831181